[Event "Druzynowe Mistrzostwa Polski - II liga"]
[Site "Sypniewo k. Jastrowia"]
[Date "1899-12-30"]
[Round "3.51"]
[White "Walentukiewicz, Michal"]
[Black "Szolc, Grzegorz"]
[Result "1/2-1/2"]
[WhiteTitle "CM"]
[BlackTitle "I++"]
[WhiteElo "2066"]
[BlackElo "2036"]

1. g3 c5 2. Bg2 Nc6 3. Nf3 g6 4. O-O Bg7 5. c4 e5 6. d3 Nge7 7. Nc3 O-O 8. a3 d6
9. Rb1 f5 10. Bd2 a5 11. Ne1 Be6 12. Nd5 Rb8 13. b4 axb4 14. axb4 cxb4 15. Nxb4
Nxb4 16. Rxb4 d5 17. cxd5 Nxd5 18. Rb5 Qd7 19. Qb1 Rfc8 20. Nf3 h6 21. e4 fxe4
22. dxe4 Ne7 23. Rb6 Rc6 24. Be3 Rxb6 25. Qxb6 Nc6 26. Rc1 Ra8 27. Bf1 Qf7 28.
Nd2 Bf8 29. Bb5 Nd8 30. Kg2 Qf6 31. Rc7 Bd6 32. Rc3 Bb4 33. Rd3 Be7 34. Bc4 Bxc4
35. Nxc4 Rc8 36. Qxf6 Bxf6 37. Nb6 Rc6 38. Nd5 Nf7 39. Rb3 Nd8 40. Nxf6+ Rxf6
41. Bxh6 Rf7 42. Be3 Nc6 43. h4 Kg7 44. Rb5 Kf6 45. g4 Ke6 46. Kg3 Rh7 47. Bc1
Rd7 48. Bb2 Rf7 49. g5 Rh7 50. Rd5 Rf7 51. Ba3 Rd7 52. Rxd7 Kxd7 53. h5 gxh5 54.
Kh4 Ke6 55. Kxh5 Kf7 56. Kh6 Kg8 57. Kg6 b5 58. Kf6 b4 59. Bb2 b3 60. Ke6 Nb4
61. Bxe5 Nd3 62. Bd4 Nxf2 63. e5 Nd3 64. Kd6 b2 65. Bxb2 Nxb2 66. e6 Nc4+ 67.
Kc7 Ne3 68. Kd6 Kg7 69. Ke5 Nc4+ 70. Kd5 Ne3+ 71. Kc6 Nf5 72. Kd7 Kg6 73. e7 Nxe7
74. Kxe7 Kxg5 1/2-1/2

[Event "Druzynowe Mistrzostwa Polski - II liga"]
[Site "Sypniewo k. Jastrowia"]
[Date "1899-12-30"]
[Round "3.52"]
[White "Kalmuk, Krzysztof"]
[Black "Bienias, Piotr"]
[Result "1-0"]
[WhiteTitle "I++"]
[BlackTitle "I++"]
[WhiteElo "1983"]
[BlackElo "1898"]

1. d4 Nf6 2. Nf3 g6 3. c4 Bg7 4. Nc3 O-O 5. e4 d6 6. Be2 e5 7. O-O Nc6 8. d5 Ne7
9. b4 Nh5 10. Re1 h6 11. a4 f5 12. Ra3 Nf6 13. Nd2 Rf7 14. a5 c6 15. Bf3 cxd5
16. cxd5 f4 17. Nc4 g5 18. Nb5 g4 19. Nbxd6 gxf3 20. Nxf7 Kxf7 21. Nxe5+ Kg8 22.
Qxf3 Qd6 23. Nd3 Bg4 24. Bxf4 Qd7 25. Qe3 Re8 26. Qxa7 Ng6 27. h3 Bh5 28. a6 Nxf4
29. Nxf4 Qd6 30. Nd3 bxa6 31. e5 Qxd5 32. exf6 Rxe1+ 33. Nxe1 Bxf6 34. Qxa6 Qe5
35. Nd3 Qd4 36. Qc8+ Kg7 37. Qf5 Bg6 38. Qg4 Qd6 39. Nf4 Bg5 40. Nxg6 Qxg6 41.
Ra7+ 1-0

[Event "Druzynowe Mistrzostwa Polski - II liga"]
[Site "Sypniewo k. Jastrowia"]
[Date "1899-12-30"]
[Round "3.53"]
[White "Kowalczyk, Wojciech"]
[Black "Kukula, Karol"]
[Result "1/2-1/2"]
[WhiteTitle "I"]
[BlackTitle "I+"]
[WhiteElo "1893"]
[BlackElo "1821"]

1. e4 c5 2. Nc3 e6 3. Nge2 Nc6 4. g3 Nf6 5. Bg2 d5 6. exd5 exd5 7. d4 cxd4 8. Nxd4
Bb4 9. O-O Bxc3 10. bxc3 O-O 11. h3 h6 12. Bf4 Nxd4 13. Qxd4 Bf5 14. Be5 Bxc2
15. Bxf6 Qxf6 16. Qxf6 gxf6 17. Bxd5 Rac8 18. c4 Bd3 19. Rfc1 Rc7 20. Rc3 Bf5
21. Rf3 Bxh3 22. Rxf6 Kg7 23. Rf4 Be6 24. Re1 Bxd5 25. cxd5 Rd8 26. Rf5 Rd6 27.
Re4 Rf6 28. Rg4+ Rg6 29. Rd4 Rg5 30. Rf3 Rd7 31. d6 Rg6 32. Rfd3 Re6 33. Kg2 Kf6
34. Rd2 Re5 35. f4 Ra5 36. R4d3 Ke6 37. Kf3 h5 38. Re2+ Kf6 39. Red2 Ke6 40. Re3+
Kf6 41. g4 hxg4+ 42. Kxg4 Ra6 43. Red3 1/2-1/2

[Event "Druzynowe Mistrzostwa Polski - II liga"]
[Site "Sypniewo k. Jastrowia"]
[Date "1899-12-30"]
[Round "3.54"]
[White "Bialek, Alicja"]
[Black "Smietanska, Wiktoria"]
[Result "0-1"]
[WhiteTitle "I"]
[BlackTitle "CM"]
[WhiteElo "1367"]
[BlackElo "1726"]

1. e4 c5 2. Nf3 d6 3. c3 Nf6 4. Be2 Nc6 5. d4 cxd4 6. cxd4 d5 7. e5 Nd7 8. O-O
Nb6 9. Nc3 Bg4 10. Be3 e6 11. Rc1 Be7 12. Na4 Bxf3 13. Bxf3 Nc4 14. Bf4 b5 15.
b3 N4a5 16. Nc5 Qb6 17. Be3 Nb7 18. Nxb7 Qxb7 19. Be2 Ba3 20. Rc3 O-O 21. f4 Qb6
22. f5 exf5 23. Rxf5 Ne7 24. Rh5 Rac8 25. Rxc8 Rxc8 26. Bd3 Ng6 27. Qf3 Rc3 28.
Bf5 Bc1 29. Qxd5 Bxe3+ 30. Kf1 Rc1+ 31. Ke2 Nf4+ 32. Kxe3 Nxd5+ 0-1

[Event "Druzynowe Mistrzostwa Polski - II liga"]
[Site "Sypniewo k. Jastrowia"]
[Date "1899-12-30"]
[Round "3.55"]
[White "Krzywda, Andrzej"]
[Black "Laszewicz, Pawel"]
[Result "1-0"]
[WhiteTitle "CM"]
[BlackTitle "k"]
[WhiteElo "2076"]
[BlackElo "2108"]

1. e4 c5 2. Nc3 Nc6 3. Bb5 g6 4. Bxc6 dxc6 5. d3 Bg7 6. f4 Nf6 7. Nf3 O-O 8. O-O
b6 9. Qe1 Bg4 10. Qh4 Bxf3 11. Rxf3 e6 12. f5 Nd7 13. Bg5 f6 14. Rh3 h5 15. Be3
Qe8 16. fxg6 Qxg6 17. Rg3 Qh7 18. Ne2 Kf7 19. Rf1 Ne5 20. Nf4 Rh8 21. Nh3 Ke7
22. Ng5 Qg8 23. Nf3 Ng4 24. Bf4 Kd7 25. h3 f5 26. exf5 exf5 27. Qg5 Rf8 28. Re1
Rf7 29. hxg4 hxg4 30. Ne5+ Bxe5 31. Rxe5 Qh7 32. Rge3 Rg8 33. Qh6 Qxh6 34. Bxh6
f4 35. R3e4 f3 36. gxf3 gxf3+ 37. Rg5 f2+ 38. Kf1 Rh8 39. Rg7 Rxg7 40. Bxg7 Rh1+
41. Kxf2 Rh2+ 42. Kf3 Rxc2 43. Re2 Rc1 44. Ke4 c4 45. d4 c3 46. bxc3 Rxc3 47.
Be5 Kc8 48. Kf5 Rc4 49. Ke6 a5 50. Rh2 Kb7 51. Kd6 Ka6 52. Rh8 a4 53. Kc7 Ka7
54. Rh6 Rc2 55. Rxc6 Rxa2 56. Rxb6 a3 57. d5 Re2 58. Rb3 1-0

[Event "Druzynowe Mistrzostwa Polski - II liga"]
[Site "Sypniewo k. Jastrowia"]
[Date "1899-12-30"]
[Round "3.56"]
[White "Majocha, Piotr"]
[Black "Chojnacki, Slawomir"]
[Result "0-1"]
[WhiteTitle "I++"]
[BlackTitle "CM"]
[WhiteElo "1980"]
[BlackElo "2150"]

1. c4 g6 2. Nf3 Bg7 3. d4 b6 4. Nc3 Bb7 5. e4 c5 6. d5 d6 7. Bd3 Nd7 8. O-O Ngf6
9. h3 a6 10. Bf4 O-O 11. a4 Qc7 12. Bh2 Ne5 13. Be2 Nxf3+ 14. Bxf3 Nd7 15. Be2
Rae8 16. Qd2 Bd4 17. h4 e6 18. h5 exd5 19. exd5 f5 20. hxg6 hxg6 21. Rae1 Ne5
22. Qh6 Re7 23. Bxe5 Bxe5 24. g3 Kf7 25. Kg2 Rh8 26. Qd2 Kf8 27. Rh1 Reh7 28.
f4 Bd4 29. Bf3 Bc8 30. b3 Qg7 31. Nd1 Bd7 32. Ref1 Rh6 33. Nf2 Bxf2 34. Kxf2 Rxh1
35. Rxh1 Rxh1 36. Bxh1 Qa1 37. Bf3 b5 38. axb5 axb5 39. Be2 b4 40. Bd1 Ke7 41.
Kg2 Kd8 42. Kf2 Kc7 43. Ke2 Kb6 44. Qe3 Qh8 45. Kd2 Qh7 46. Be2 Kc7 47. Bd1 Qh2+
48. Be2 Qh1 49. Bd1 Kd8 50. Qe2 Qh3 51. Qe3 Qh8 52. Qd3 Ke7 53. Qe3+ Kf7 54. Ke2
Qh2+ 55. Qf2 Qh1 56. Qf3 Qh8 57. Qe3 g5 58. fxg5 Kg6 59. Qf4 Qe5+ 60. Kf1 Kg7
61. Qxe5+ dxe5 62. Bh5 Kf8 63. Kf2 Kg8 64. Kf3 Kg7 65. Ke3 Kf8 66. Kf3 Ba4 67.
d6 Bxb3 68. g6 Ba4 69. Ke3 Kg7 70. g4 f4+ 71. Ke4 Bc6+ 72. Kxe5 f3 73. g5 f2 74.
Be2 b3 75. Bd3 b2 76. Ke6 f1=Q 77. Bxf1 b1=Q 0-1

[Event "Druzynowe Mistrzostwa Polski - II liga"]
[Site "Sypniewo k. Jastrowia"]
[Date "1899-12-30"]
[Round "3.57"]
[White "Malecki, Rafal"]
[Black "Luba, Lukasz"]
[Result "1/2-1/2"]
[WhiteTitle "k+"]
[BlackTitle "k"]
[WhiteElo "1942"]
[BlackElo "2143"]

1. Nf3 Nf6 2. g3 d5 3. Bg2 Bg4 4. d3 h6 5. Nbd2 Nc6 6. c3 Qd7 7. b4 a6 8. a3 Bh3
9. Bxh3 Qxh3 10. e4 Rd8 11. Qe2 dxe4 12. dxe4 Nd7 13. Ng1 Qg2 14. Qf3 Qxf3 15.
Ngxf3 Nde5 16. Ke2 g5 17. Ne1 Bg7 18. a4 O-O 19. b5 Na5 20. Ra2 Rd7 21. Rc2 Rfd8
22. f4 Nd3 23. Nxd3 Rxd3 24. Bb2 c5 25. Rf1 g4 26. e5 axb5 27. axb5 f5 28. c4
Nb3 29. Nxb3 Rxb3 30. Rd1 Rxd1 31. Kxd1 Kf8 32. Bc3 b6 33. Kd2 Ra3 34. Rc1 Ra2+
35. Rc2 Ra4 36. Kd3 h5 37. Rc1 Ra2 38. Rc2 Ra7 39. Rc1 Bh6 40. Ra1 Rxa1 41. Bxa1
e6 42. Ke3 Ke7 43. Bc3 Kd7 44. Bd2 1/2-1/2

[Event "Druzynowe Mistrzostwa Polski - II liga"]
[Site "Sypniewo k. Jastrowia"]
[Date "1899-12-30"]
[Round "3.58"]
[White "Machlowski, Slawomir"]
[Black "Sroka, Janusz"]
[Result "0-1"]
[WhiteTitle "I+"]
[BlackTitle "k"]
[WhiteElo "2063"]
[BlackElo "1912"]

1. g3 Nf6 2. Bg2 g6 3. c4 Bg7 4. Nc3 d6 5. d3 O-O 6. Nf3 Nc6 7. O-O e5 8. Rb1 h6
9. b4 Ne7 10. Ne1 d5 11. cxd5 Nexd5 12. Bd2 Be6 13. a4 a6 14. Nc2 Qd7 15. Ne3
Rfd8 16. Qc2 Rac8 17. Rfc1 c6 18. a5 Bh3 19. Na4 Bxg2 20. Kxg2 h5 21. Nc5 Qe7
22. Nc4 Rb8 23. h4 Kh7 24. Qb3 Ng4 25. f3 Nh6 26. Rd1 Nf5 27. Qa2 Nd4 28. Kf2
Rf8 29. Ne4 Nb5 30. Rdc1 Kh8 31. Ne3 Ndc7 32. Nc4 f5 33. Bg5 Qf7 34. Nc5 Nd5 35.
Qd2 Rbe8 36. Kg2 Kh7 37. Rf1 Qc7 38. Rbc1 f4 39. Ne4 Nd4 40. Rb1 Nf5 41. Rfc1
Nfe3+ 42. Nxe3 Nxe3+ 43. Kf2 Qd7 44. Rh1 Qd4 45. Ke1 Nd5 46. Qb2 fxg3 47. Nxg3
Qxb2 48. Rxb2 e4 49. Rb3 exd3 50. Rxd3 Nxb4 51. Rb3 c5 52. Ne4 Re5 53. Kd1 Rd5+
54. Ke1 Rf7 55. Kf2 Nc6 56. Be3 Nxa5 57. Rbb1 Rff5 58. Rhc1 c4 59. Bb6 Bd4+ 60.
Bxd4 Rxd4 61. Ng5+ Kh6 62. Kg3 b5 63. e4 Rxg5+ 64. hxg5+ Kxg5 65. Rd1 Rxd1 66.
Rxd1 c3 67. f4+ Kf6 68. Rd6+ Ke7 69. Rxa6 c2 70. Ra7+ Kd8 71. Rxa5 c1=Q 72. Rxb5
Qg1+ 0-1

[Event "Druzynowe Mistrzostwa Polski - II liga"]
[Site "Sypniewo k. Jastrowia"]
[Date "1899-12-30"]
[Round "3.59"]
[White "Szajda, Marcin"]
[Black "Bartlomowicz, Jakub"]
[Result "1/2-1/2"]
[WhiteTitle "I++"]
[BlackTitle "I"]
[WhiteElo "1936"]
[BlackElo "1762"]

1. e4 c5 2. Nf3 Nc6 3. d4 cxd4 4. Nxd4 Nf6 5. Nc3 e5 6. Ndb5 d6 7. Nd5 Nxd5 8.
exd5 Ne7 9. c3 Ng6 10. Be2 a6 11. Na3 Be7 12. O-O O-O 13. Nc2 f5 14. Kh1 f4 15.
Bg4 Nh4 16. g3 Ng6 17. gxf4 Nxf4 18. Ne3 Nh3 19. Kg2 Nf4+ 20. Kh1 Nh3 21. Kg2
Nf4+ 1/2-1/2

[Event "Druzynowe Mistrzostwa Polski - II liga"]
[Site "Sypniewo k. Jastrowia"]
[Date "1899-12-30"]
[Round "3.60"]
[White "Trusz, Julia"]
[Black "Cyboran, Katarzyna"]
[Result "1/2-1/2"]
[WhiteTitle "I++"]
[BlackTitle "I++"]
[WhiteElo "1659"]
[BlackElo "1773"]

1. d4 e6 2. c4 f5 3. g3 Nf6 4. Bg2 d5 5. Nh3 c6 6. O-O Bd6 7. Bf4 O-O 8. Bxd6 Qxd6
9. Nd2 Nbd7 10. Rc1 e5 11. cxd5 cxd5 12. dxe5 Qxe5 13. Rc2 Nb6 14. Nf3 Qd6 15.
Qd4 Re8 16. Rfc1 Bd7 17. Qf4 Qe7 18. Nd4 g6 19. Rc7 Nh5 1/2-1/2

[Event "Druzynowe Mistrzostwa Polski - II liga"]
[Site "Sypniewo k. Jastrowia"]
[Date "1899-12-30"]
[Round "3.61"]
[White "Szewczyk, Mariusz"]
[Black "Luczak, Filip"]
[Result "0-1"]
[WhiteTitle "k"]
[BlackTitle "FM"]
[WhiteElo "2119"]
[BlackElo "2278"]

1. e4 c5 2. Nf3 d6 3. Bb5+ Nd7 4. O-O a6 5. Bxd7+ Bxd7 6. c3 Nf6 7. Re1 e6 8. d4
cxd4 9. cxd4 d5 10. e5 Ne4 11. Nbd2 Nxd2 12. Bxd2 Be7 13. Qb3 Bb5 14. Bb4 O-O
15. Bxe7 Qxe7 16. a4 Bc4 17. Qa3 Qxa3 18. Rxa3 b5 19. axb5 Bxb5 20. Rc1 Rab8 21.
Nd2 Be2 22. Re3 Bh5 23. Rb3 h6 24. f3 Rxb3 25. Nxb3 Rb8 26. Rc3 Bg6 27. h4 h5
28. g4 hxg4 29. fxg4 Bc2 30. Nc5 Rxb2 31. Nd7 Be4 32. Rc8+ Kh7 33. Nf8+ Kh6 34.
Nd7 Rg2+ 35. Kf1 Rxg4 36. Rh8+ Kg6 37. Kf2 Kf5 38. Rf8 Rf4+ 39. Ke3 Rf3+ 40. Ke2
Kg4 41. Rg8 Bd3+ 42. Kd2 Bg6 43. Nc5 Kxh4 44. Rxg7 Kg5 45. Rg8 a5 46. Ra8 Ra3
47. Ra7 Kf4 48. Ra8 Ra2+ 49. Kc3 Ke3 50. Rg8 Rc2+ 51. Kb3 Kxd4 52. Nxe6+ fxe6
53. Rxg6 Rc6 54. Ka4 Kxe5 55. Kxa5 d4 0-1

[Event "Druzynowe Mistrzostwa Polski - II liga"]
[Site "Sypniewo k. Jastrowia"]
[Date "1899-12-30"]
[Round "3.62"]
[White "Grzesik, Gracjan"]
[Black "Kowalec, Maciej"]
[Result "1/2-1/2"]
[WhiteTitle "k"]
[BlackTitle "k"]
[WhiteElo "2149"]
[BlackElo "2070"]

1. c4 c5 2. Nf3 Nc6 3. Nc3 g6 4. e3 Nf6 5. d4 cxd4 6. exd4 d5 7. cxd5 Nxd5 8. Qb3
Nxc3 9. Bc4 Nd5 10. Bxd5 e6 11. Bxc6+ bxc6 12. O-O Ba6 13. Bg5 Qd5 14. Rfc1 Qxb3
15. axb3 Bb5 16. Bf6 Rg8 17. Ne5 Be7 18. Bxe7 Kxe7 19. Nxc6+ Bxc6 20. Rxc6 Rgd8
21. Rc7+ Kf6 22. Ra4 a5 23. g3 Rab8 24. Rxa5 Rxd4 25. Raa7 Rf8 26. h4 h5 27. Kg2
Rd2 28. b4 Rxb2 29. Rab7 g5 30. hxg5+ Kxg5 31. Rxf7 Rxf7 32. Rxf7 Rxb4 33. f4+
Kg6 34. Re7 Kf6 35. Rh7 Kg6 36. Rh8 Rb5 37. Kh3 Kg7 38. Re8 Kf7 39. Ra8 e5 40.
fxe5 Rxe5 41. Kh4 Kg6 42. Ra6+ Kg7 43. Rd6 Ra5 44. Re6 Rb5 45. Ra6 1/2-1/2

[Event "Druzynowe Mistrzostwa Polski - II liga"]
[Site "Sypniewo k. Jastrowia"]
[Date "1899-12-30"]
[Round "3.63"]
[White "Litner, Igor"]
[Black "Majewski, Krzysztof"]
[Result "1/2-1/2"]
[WhiteTitle "I++"]
[BlackTitle "I+"]
[WhiteElo "1983"]
[BlackElo "1999"]

1. d4 d5 2. Nf3 Nf6 3. Bg5 e6 4. Bxf6 Qxf6 5. e3 c5 6. c3 Nc6 7. Nbd2 Bd6 8. Bd3
O-O 9. O-O e5 10. dxc5 Bxc5 11. e4 d4 12. Nb3 Bb6 13. cxd4 exd4 14. h3 a6 15.
Ne1 Bd7 16. f4 Nb4 17. Qd2 Qe7 18. e5 Rac8 19. Kh1 Nxd3 20. Nxd3 Bc6 21. Rad1
Qh4 22. Kh2 Bb5 23. Rc1 Qe7 24. Rxc8 Rxc8 25. Rd1 Qe6 26. Nbc1 h6 27. Rf1 Qf5
28. Rd1 Qe6 29. Ne1 Qc4 30. Qd3 Qe6 31. Qd2 Qc4 32. Qd3 Qe6 33. Qd2 Qc6 34. Ncd3
Qe4 35. Kg3 Qg6+ 36. Kh2 Qe4 37. Kg3 Qg6+ 38. Kh2 Qe4 39. Kg3 1/2-1/2

[Event "Druzynowe Mistrzostwa Polski - II liga"]
[Site "Sypniewo k. Jastrowia"]
[Date "1899-12-30"]
[Round "3.64"]
[White "Sokolowski, Ryszard"]
[Black "Rzeszowski, Dominik"]
[Result "1-0"]
[WhiteTitle "k"]
[BlackTitle "I++"]
[WhiteElo "2031"]
[BlackElo "1863"]

1. d4 d5 2. c4 c6 3. Nc3 Nf6 4. e3 a6 5. Nf3 b5 6. b3 Bf5 7. Nh4 Bg6 8. Nxg6 hxg6
9. a4 b4 10. Na2 e6 11. Bb2 Be7 12. Qc2 Nbd7 13. Bd3 Rc8 14. c5 a5 15. f4 Ng4
16. Qe2 Bh4+ 17. Kd2 Nf2 18. Rhf1 Nxd3 19. Kxd3 Be7 20. g4 Nf6 21. Kc2 Qc7 22.
Rh1 Ne4 23. Rag1 Kd7 24. h3 Rh4 25. Nc1 Rch8 26. Qf3 g5 27. Nd3 f6 28. f5 g6 29.
fxe6+ Kxe6 30. Bc1 Bd8 31. Rg2 Qh7 32. Nf2 Nxf2 33. Rxf2 Rxh3 34. Rxh3 Qxh3 35.
Qe2 Qg3 36. Bd2 Rh4 37. Rg2 Qb8 38. e4 Kf7 39. exd5 cxd5 40. Qf3 Rh2 41. Qxd5+
Ke7 42. Qd6+ 1-0

[Event "Druzynowe Mistrzostwa Polski - II liga"]
[Site "Sypniewo k. Jastrowia"]
[Date "1899-12-30"]
[Round "3.65"]
[White "Powalka, Michal"]
[Black "Gajdzica, Maciej"]
[Result "1-0"]
[WhiteTitle "I++"]
[BlackTitle "I+"]
[WhiteElo "1970"]
[BlackElo "1954"]

1. e4 e5 2. f4 exf4 3. Nf3 g5 4. Bc4 Bg7 5. d4 d6 6. g3 Nc6 7. gxf4 Bg4 8. c3 Qe7
9. O-O O-O-O 10. Qd3 gxf4 11. Bxf4 Bh6 12. Bg3 Nf6 13. Bh4 Rhg8 14. Kh1 Rg6 15.
Nbd2 Rdg8 16. Rg1 Bf4 17. Rae1 Rh6 18. e5 dxe5 19. dxe5 Nxe5 20. Nxe5 Bxe5 21.
Bg3 Bxg3 22. Qxg3 Qc5 23. Bxf7 Qc6+ 24. Qg2 Bd7 25. Bxg8 Rg6 26. Qf3 Qxf3+ 27.
Nxf3 Bc6 28. Be6+ 1-0

[Event "Druzynowe Mistrzostwa Polski - II liga"]
[Site "Sypniewo k. Jastrowia"]
[Date "1899-12-30"]
[Round "3.66"]
[White "Krzywnicka, Maria"]
[Black "Bebnik, Malgorzata"]
[Result "1-0"]
[WhiteTitle "I++"]
[BlackTitle "I++"]
[WhiteElo "1885"]
[BlackElo "1756"]

1. e4 c5 2. Nc3 Nc6 3. g3 g6 4. Bg2 Bg7 5. d3 Rb8 6. f4 d6 7. Nf3 b5 8. O-O e6
9. f5 b4 10. fxe6 Bxe6 11. Ne2 Nge7 12. Nf4 Bg4 13. h3 Bd7 14. Ne2 O-O 15. Kh2
Ne5 16. Nxe5 Bxe5 17. Bh6 Re8 18. Qc1 Bc6 19. Ng1 d5 20. Nf3 Bg7 21. Bxg7 Kxg7
22. Ng5 dxe4 23. Rxf7+ Kg8 24. Ne6 Kxf7 25. Nxd8+ Rbxd8 26. dxe4 Nf5 27. Qf1 Rd2
28. Qf4 Rxg2+ 29. Kxg2 Bxe4+ 30. Kg1 Kg7 31. g4 Nd4 32. Re1 Nf3+ 33. Qxf3 Bxf3
34. Rxe8 Bd1 35. c3 Bf3 36. Re7+ Kf6 37. Rxh7 a6 38. Rc7 bxc3 39. bxc3 Bd5 40.
Rxc5 Bxa2 41. Rc6+ Kg5 42. Rxa6 Bf7 43. Kh2 Kh4 44. Ra8 Bd5 45. Rh8+ Kg5 46. Kg3
Bc4 47. h4+ Kf6 48. Kf4 1-0

[Event "Druzynowe Mistrzostwa Polski - II liga"]
[Site "Sypniewo k. Jastrowia"]
[Date "1899-12-30"]
[Round "3.67"]
[White "Kozlowski, Michal"]
[Black "Skrobek, Ryszard"]
[Result "1/2-1/2"]
[WhiteTitle "I++"]
[BlackTitle "IM"]
[WhiteElo "2032"]
[BlackElo "2316"]

1. e4 c5 2. Nf3 Nc6 3. d4 cxd4 4. Nxd4 e6 5. Nc3 Nf6 6. Ndb5 d6 7. Bf4 e5 8. Bg5
a6 9. Na3 b5 10. Bxf6 gxf6 11. Nd5 f5 12. g3 fxe4 13. Bg2 Be6 14. Bxe4 Rc8 15.
c3 Bg7 16. Ne3 Ne7 17. Bb7 Rc5 18. Bxa6 Qa8 19. Bxb5+ Rxb5 20. Nxb5 Qxh1+ 21.
Ke2 Qxd1+ 22. Rxd1 Nc8 23. Nxd6+ Nxd6 24. Rxd6 Bxa2 25. b4 Be6 26. c4 Ke7 27.
Rb6 Rc8 28. Rb7+ Kd6 29. c5+ Kc6 30. Rb6+ Kc7 31. f4 exf4 32. gxf4 Rb8 33. Rxb8
Kxb8 34. Kd3 Kc7 35. b5 Bh6 36. Ke4 Kd7 37. f5 Ba2 38. Nd5 Bg7 39. Ne3 Bb2 40.
Nd5 Bb1+ 41. Kf4 Bd4 42. c6+ Kd6 43. c7 Be5+ 44. Kg4 Kd7 45. b6 Be4 46. b7 Bxc7
47. Nf6+ Kc6 48. Nxe4 Bxh2 49. Ng5 Kxb7 50. Nxf7 Kc7 51. Ng5 Kd7 52. Nxh7 1/2-1/2

[Event "Druzynowe Mistrzostwa Polski - II liga"]
[Site "Sypniewo k. Jastrowia"]
[Date "1899-12-30"]
[Round "3.68"]
[White "Kossobudzki, Robert"]
[Black "Kitewski, Bartosz"]
[Result "0-1"]
[WhiteTitle "I"]
[BlackTitle "I"]
[WhiteElo "2052"]
[BlackElo "1807"]

1. b4 e5 2. a3 d6 3. Bb2 Nf6 4. e3 g6 5. Nf3 Bg7 6. d4 e4 7. Nfd2 c6 8. c4 O-O
9. Nc3 Re8 10. Be2 Nbd7 11. Qc2 Qe7 12. g4 h6 13. h4 g5 14. hxg5 hxg5 15. Nf1
a5 16. b5 Nb6 17. Ng3 Bxg4 18. Bxg4 Nxg4 19. Nf5 Qf6 20. Nxg7 Qxg7 21. Qe2 f5
22. c5 Nd5 23. Qc4 Qf7 24. cxd6 Rac8 25. d7 Qxd7 26. Rh5 Kg7 27. bxc6 bxc6 28.
Na4 Kg6 29. Nc5 Qd6 30. Rh1 Rb8 31. Qc2 Ngxe3 32. Qe2 Nf4 33. Qd2 Nc4 34. Qc3
Nxb2 35. Kd2 Nbd3 36. Nxd3 Nxd3 37. Rab1 Qf4+ 0-1

[Event "Druzynowe Mistrzostwa Polski - II liga"]
[Site "Sypniewo k. Jastrowia"]
[Date "1899-12-30"]
[Round "3.69"]
[White "Slawinski, Miroslaw"]
[Black "Grzesik, Norbert"]
[Result "1-0"]
[WhiteTitle "k"]
[BlackTitle "I++"]
[WhiteElo "2035"]
[BlackElo "1945"]

1. d4 Nf6 2. c4 e6 3. Nc3 Bb4 4. e3 b6 5. Bd3 Bb7 6. f3 c5 7. a3 cxd4 8. axb4 dxc3
9. bxc3 O-O 10. b5 d5 11. Ba3 Re8 12. c5 bxc5 13. Bxc5 a5 14. Ne2 Nbd7 15. Ba3
Qb6 16. Kf2 e5 17. Qd2 e4 18. Bc2 exf3 19. gxf3 Ne5 20. Qd4 Qe6 21. Nf4 Neg4+
22. fxg4 Nxg4+ 23. Kg3 Qxe3+ 24. Qxe3 Nxe3 25. Rhc1 Rac8 26. Bb3 g5 27. Nh3 Nf5+
28. Kf2 g4 29. Nf4 Re4 30. Nxd5 Bxd5 31. Bxd5 Rf4+ 32. Kg1 Re8 33. Rf1 Rxf1+ 34.
Rxf1 1-0

[Event "Druzynowe Mistrzostwa Polski - II liga"]
[Site "Sypniewo k. Jastrowia"]
[Date "1899-12-30"]
[Round "3.70"]
[White "Meller, Piotr"]
[Black "Strepikowski, Pawel"]
[Result "1/2-1/2"]
[WhiteTitle "I"]
[BlackTitle "I"]
[WhiteElo "2023"]
[BlackElo "1773"]

1. Nf3 d6 2. d4 g6 3. c4 Bg7 4. Nc3 Nd7 5. e4 e5 6. Be2 Ngf6 7. O-O O-O 8. Re1
c6 9. Bf1 Re8 10. d5 c5 11. a3 a5 12. Nb5 Nb6 13. Bd2 a4 14. Nc3 Rf8 15. b4 axb3
16. Qxb3 h6 17. a4 Ne8 18. a5 Nd7 19. Na4 f5 20. Bc3 Ra6 21. Nd2 Nef6 22. Bd3
f4 23. Reb1 g5 24. Nb6 Nxb6 25. axb6 Rxa1 26. Rxa1 g4 27. Ra8 f3 28. g3 h5 29.
Kf1 h4 30. Ke1 hxg3 31. hxg3 Qe8 32. Nf1 Bh6 33. Bd2 Bxd2+ 34. Kxd2 Qh5 35. Ra1
Nd7 36. Rb1 Nb8 37. Ra1 Qh7 38. Ne3 Na6 39. Rf1 Nb4 40. Qb1 Rf6 41. Qa1 Na6 42.
Kc2 Rh6 43. Kc3 Rh2 44. Bc2 Qh6 45. Kd2 Qh7 46. Qb1 Bd7 47. Qa1 Bc8 1/2-1/2

[Event "Druzynowe Mistrzostwa Polski - II liga"]
[Site "Sypniewo k. Jastrowia"]
[Date "1899-12-30"]
[Round "3.71"]
[White "Taranowicz, Michal"]
[Black "Paprocki, Artur"]
[Result "1-0"]
[WhiteTitle "I+"]
[BlackTitle "I"]
[WhiteElo "1855"]
[BlackElo "1842"]

1. e4 g6 2. Nf3 Bg7 3. d4 c6 4. c4 d6 5. Nc3 Nf6 6. Be2 O-O 7. O-O Nbd7 8. Bg5
h6 9. Bh4 Qc7 10. Bg3 Nh5 11. d5 Nxg3 12. hxg3 Nf6 13. Qd2 Bd7 14. b4 a5 15. b5
c5 16. Rae1 Ng4 17. Nh2 Nxh2 18. Kxh2 a4 19. a3 Qa5 20. Rc1 f5 21. Bd3 e6 22.
dxe6 Bxe6 23. Rfd1 Rad8 24. exf5 Bxf5 25. Be2 Bd4 26. Bf3 Kg7 27. Bxb7 Bg4 28.
f3 Be6 29. Qd3 Qa7 30. Be4 Qf7 31. Nxa4 Qf6 32. Nc3 Qg5 33. Bxg6 Rf5 34. Qe4 Qxg6
35. g4 Rh5+ 36. Kg3 Re5 37. Qxg6+ Kxg6 38. Ne4 Bc8 39. Nd2 Bb2 40. Rc2 Bxa3 41.
Ne4 d5 42. Kf4 Rxe4+ 43. fxe4 d4 44. Ra2 Bb4 45. Ra7 Rf8+ 46. Kg3 Re8 47. Rc7
Be6 48. Rc6 Kg5 49. Rc7 Bxc4 50. b6 Rb8 51. Rc6 Be2 52. Rh1 Bxg4 53. Rhxh6 Be1+
54. Kh2 Kf4 55. Rhf6+ Kxe4 56. Rxc5 Rh8+ 57. Kg1 Kd3 58. b7 Bd2 59. Kf2 Be3+ 60.
Kg3 Rg8 61. b8=Q Bc8+ 1-0

[Event "Druzynowe Mistrzostwa Polski - II liga"]
[Site "Sypniewo k. Jastrowia"]
[Date "1899-12-30"]
[Round "3.72"]
[White "Korosciel, Aneta"]
[Black "Zarebska, Lena"]
[Result "1-0"]
[WhiteTitle "m"]
[BlackTitle "k"]
[WhiteElo "1966"]
[BlackElo "1910"]

1. d4 Nf6 2. Nf3 g6 3. Bf4 Bg7 4. e3 b6 5. Be2 O-O 6. h3 Bb7 7. O-O d6 8. c4 Nbd7
9. Nc3 Ne4 10. Nxe4 Bxe4 11. Bh2 c5 12. Nd2 Bb7 13. Bf3 Qc7 14. Bxb7 Qxb7 15.
Nf3 b5 16. cxb5 Qxb5 17. Rb1 Rfc8 18. Qd2 Rab8 19. Rfd1 Qa4 20. b3 Qa3 21. Rbc1
a5 22. Rc2 a4 23. bxa4 Rb4 24. dxc5 Rxc5 25. Nd4 Qxa4 26. Nb3 Rxc2 27. Qxc2 Rc4
28. Qd2 Bc3 29. Qe2 Bf6 30. Bg3 Nc5 31. Nxc5 dxc5 32. Rd2 Rc1+ 33. Kh2 Qb4 34.
Bf4 Kg7 35. e4 g5 36. Bc7 Qb7 37. Bg3 Qb1 38. Bc7 Rh1+ 39. Kg3 Qb7 40. Rd7 Qc6
41. Qd3 h5 42. e5 h4+ 43. Kg4 Re1 44. exf6+ Kh6 45. f3 Qa4+ 46. f4 e5 47. Qf5
Qxf4+ 48. Qxf4 exf4 49. Rxf7 Kg6 50. Rg7+ Kxf6 51. Rxg5 Re2 52. Kxh4 Rxa2 53.
Bxf4 c4 54. g3 Ra7 55. Rc5 1-0

[Event "Druzynowe Mistrzostwa Polski - II liga"]
[Site "Sypniewo k. Jastrowia"]
[Date "1899-12-30"]
[Round "3.73"]
[White "Gierulski, Kamil"]
[Black "Golenia, Jan"]
[Result "0-1"]
[WhiteTitle "k++"]
[BlackTitle "I++"]
[WhiteElo "2270"]
[BlackElo "2122"]

1. e4 e5 2. Nf3 Nc6 3. Bc4 Nf6 4. d3 Be7 5. O-O d6 6. a4 O-O 7. c3 Kh8 8. Nbd2
Ng8 9. d4 f5 10. dxe5 dxe5 11. Bd5 Bd6 12. Nc4 Qf6 13. exf5 Bxf5 14. Ng5 Nge7
15. Nxd6 cxd6 16. f3 Nxd5 17. Qxd5 Ne7 18. Qxb7 d5 19. f4 Bd3 20. Rf3 Ba6 21.
Qc7 e4 22. Rf2 h6 23. Nh3 Nf5 24. g4 Qg6 25. Rg2 Nh4 26. Rg3 d4 27. f5 Qf6 28.
Bf4 Nf3+ 29. Kh1 Rf7 30. Qd6 Qxd6 31. Bxd6 Rd8 32. Bf4 dxc3 33. bxc3 Rb7 34. Ng1
Rb2 35. Rg2 Rb3 36. Rc1 Nh4 37. Ra2 e3 38. Nh3 Rd2 39. Rxd2 exd2 40. Rd1 Be2 0-1